| 000 | 00000nam##2200000za#4500 |
| 001 | 9.686036 |
| 003 | CaOODSP |
| 005 | 20210624230344 |
| 007 | cr ||||||||||| |
| 008 | 150407|1999||||xxc|||||o f|0| 0 eng|d |
| 020 | |a0-662-30154-4 |
| 040 | |aCaOODSP|beng |
| 043 | |an-cn--- |
| 086 | 1 |aE2-240/1999E-IN |
| 110 | 1 |aCanada.|bForeign Affairs and International Trade. |bCanadian Centre for Foreign Policy Development. |
| 245 | 10|aInternational Non-government Organizations and the future of work (roundtable report), May 17, 1999 (Ottawa) |h[electronic resource] |
| 260 | |aOttawa - Ontario : |bForeign Affairs and International Trade. |c[1999]. |
| 300 | |a4p. |
| 590 | |a10-06-Supp|b2010-07-26 |
| 690 | 07|aNongovernmental organizations|2gcpds |
| 690 | 07|aIntergovernmental organizations|2gcpds |
| 776 | 0#|tInternational NGOs and the future of work |w(CaOODSP)9.648103 |
| 856 | 40|ahttp://publications.gc.ca|qPDF|s49 KB|uhttps://publications.gc.ca/collections/Collection/E2-240-1999E.pdf |
| 986 | |a1002.6E |